00585nam a22001817a 4500003000200000005001700002008004100019020002200060050002400082100002900106245007500135250002000210260004300230300003200273500002800305504004200333650002800375020231107090946.0231107b xxu||||| |||| 00| 0 eng d a978-621-406-340-6 aLB 2369 b.F73 2022 aFrancisco, Paul Micah S. aPractical research 2 : quantitative research cPaul Micah S. Francisco arevised edition aManilabMindshapers Co., Inc. cc2022. aviii, 198 pages ; c23 cm.  aQuantitative research.  aIncludes bibliographical references.  aQuantitative research.